El Papa de la alegría.

Saved in:
Bibliografiske detaljer
Hovedforfatter: Boo, Juan Vicente (autor)
Format: Bog
Sprog:engelsk
Udgivet: Chile: LMH (Leer Más Hoy), 2017.
Udgivelse:Segunda edición.
Fag:
Tags: Tilføj Tag
Ingen Tags, Vær først til at tagge denne postø!

MARC

LEADER 00000nam a22000007a 4500
003 CL-VaPUC
005 20230927160544.0
008 230920t2017 ||||| |||| 00| 0 eng d
999 |c 441810  |d 441808 
020 |a 978-84-670-4872-8 
040 |c Pontificia Universidad Católica de Valparaíso 
082 |2 22  |a 261.83 BOO 2017 
100 |a Boo, Juan Vicente   |9 884666  |e autor 
245 |a El Papa de la alegría. 
250 |a Segunda edición. 
260 |a Chile:  |b LMH (Leer Más Hoy),   |c 2017. 
300 |a 335 páginas.  
500 |a c.1 Donación Sr. Jorge Precht Pizarro. 26-05-23. Biblioteca Teología.  
583 |c 20230920  |k Yessy Sthefany Diaz Vidal 
600 0 |9 881404  |a Francisco, Papa  |x Pensamiento social y religioso   |y Siglo 21 
650 0 |9 257361  |a Cristianismo  |x Aspectos sociales   |x Iglesia Católica  
942 |2 ddc  |c BK 
952 |0 0  |1 0  |2 ddc  |4 0  |6 261_830000000000000_BOO_2017  |7 0  |8 A  |9 591601  |a BIBTEO  |b BIBTEO  |d 2023-09-20  |e Donación   |i 5658664  |o 261.83 BOO 2017  |p 5658664  |r 2025-01-17  |t 1  |w 2023-09-20  |y BK  |k ICR